000 00793nam a22002057a 4500
999 _c15420
_d15420
003 AR-CdUCM
008 190427b ||||| |||| 00| 0 spa d
040 _aMUNICIPALIDAD PROVINCIAL DEL CUSCO
_cBIBLIOTECA MUNICIPAL DEL CUSCO
082 _a619 /
_bB39 / 1944
100 _aBernard, Claude
_934484
245 _aIntroducción al estudio de la medicina experimental /
260 _aBuenos Aires :
_bLosada,
_c1944
300 _a303 paginas ;
_c20 cm.
505 _aContenido :Razonamiento experimental --De la experimentación de los seres vivos --Aplicación del método experimental al estudio de los fenómenos de la vida ...
650 _aRazonamiento
_920965
650 _aSeres vivos
_919244
650 _aExperimentación
_916358
942 _2ddc
_cLIBROS
945 _arjall
_d2019-04-27